000 00735nam a2200169 4500
001 14049
005 20260326111413.0
010 _a9782842609894
090 _a14049
099 _o0
100 _a20260326d u||y0frey50 ba
200 _aIncident suspect
_bLIVR
214 _céditions théâtrales
323 _a6 personnages
330 _aAdina Blum, cinquantenaire, poignarde son mari sans explication. Ses enfants, un poète aigri et une fille lesbienne, maquillent le crime en attentat et abandonnent le corps en territoires occupés. S'ensuivent une enquête douteuse et des alliances inattendues pour étouffer la vérité. Adina, elle, reste invisible, spectatrice de ce chaos familial.
610 _aEnquête
_afamille
700 _aGuil
_bNoam